000 00979nam a2200265Ia 4500
005 20240530111002.0
008 140319s2005 ua a b 000 0 ara d
017 _a2005/1792
_bمصر. دار الكتب
020 _a9772324326
040 _aGCL /
_cGCL
082 0 4 _a616.855
_bس أ
_221
100 0 _aسهير محمود امين عبدالله
245 1 0 _aاضطرابات النطق والكلام :
_bالتشخيص والعلاج /
_cسهير محمود امين عبدالله
250 _aط.1.
260 _aالقاهرة :
_bعالم الكتب،
_c2005.
300 _a283 ص. :
_bايض ؛
_c24 سم.
504 _aيشتمل على ارجاعات ببليوجرافية
650 0 7 _2qarmk
_aالالفاظ
650 0 7 _2qarmk
_aاللغة العربية
650 0 7 _2qarmk
_aالنطق
650 0 7 _2qarmk
_aعلم النفس اللغوى
653 0 _aاضرابات النطق
942 _2ddc
_cBK
999 _c67202
_d67202